| 000 | 00820cam a22002411 4500 | ||
|---|---|---|---|
| 001 | 4530402 | ||
| 003 | GBCCL | ||
| 005 | 20241126110342.0 | ||
| 008 | 790713s1960 miu bd 000 0 eng | ||
| 010 | _a 60010242 | ||
| 040 |
_aDLC _cDLC _dDLC |
||
| 050 | 0 | 0 |
_aBV4012.2 _b.N3 |
| 082 | 0 | 0 |
_a253.5 _bNAR |
| 100 | 1 |
_aNarramore, Clyde M. _q(Clyde Maurice), _d1916- |
|
| 245 | 1 | 4 |
_aThe psychology of counseling; _bprofessional techniques for pastors, teachers, _cyouth leaders, and all who are engaged in the incomparable art of counseling. |
| 260 |
_aGrand Rapids, _bZondervan Pub. House _c[1960], 1962 |
||
| 300 |
_a303 p. _c23 cm. |
||
| 504 | _aIncludes bibliography. | ||
| 650 | 0 | _aPastoral counseling. | |
| 650 | 0 |
_aPsychology _xDictionaries. |
|
| 906 |
_a7 _bcbc _corignew _du _eocip _f19 _gy-gencatlg |
||
| 942 |
_2ddc _cBK _06 |
||
| 999 |
_c619 _d619 |
||